00330nam a2200121Ia 4500008004100000041000800041082001200049100001900061245004500080260004800125300002400173365001100197240624s9999 xx 000 0 und d aeng a510 ANT aANTHONY MARTIN aMATHEMATICS FOR ECONOMICS AND FINANCE ME c2016aNew DelhibCambridge University Press a394 : p. : cm. ; 22 cRSb32